000 00419pab a2200169 454500
008 180718b2009 xxu||||| |||| 00| 0 eng d
100 _aHeemskerk, Eelke
245 _aNetwork dynamics of the Dutch business elite
260 _c2009
300 _ap.807-32.
362 _aNov
650 _aCorporate governance
700 _aFennema, Meindert
773 _aInternational Sociology
908 _aN
909 _a85116
999 _c85116
_d85116